CBBC Balamory - Character & House Colour Match Quiz Stats

 Plays Quiz not verified by Sporcle

Score 0/8 Timer 01:00
2 Plays Today
% Correct
White Police Station
91.9%
Pink Castle
88.9%
Yellow House
85.5%
Red Shop
85.1%
Red Shop
84.2%
Orange House
80.6%
Green House
79.6%
Blue Garage
79.6%

You're not logged in!

Compare scores with friends on all Sporcle quizzes.
OR
Log In

You Might Also Like...

Show Comments

Extras

Top Quizzes Today


Score Distribution

Your Account Isn't Verified!

In order to create a playlist on Sporcle, you need to verify the email address you used during registration. Go to your Sporcle Settings to finish the process.

Report this User

Report this user for behavior that violates our Community Guidelines.

Details: